[Event "Elit(Team Viking-Limhamn)"]
[Site "?"]
[Date "2013.03.16"]
[Round "8"]
[White "Johansson, Linus"]
[Black "Ivanov, Sergey"]
[Result "1/2-1/2"]
[WhiteElo "2385"]
[BlackElo "2612"]
[PlyCount "59"]

1. d4 Nf6 2. c4 e6 3. Nc3 Bb4 4. e3 c5 5. Bd3 O-O 6. Nf3 d5 7. O-O cxd4 8. exd4
dxc4 9. Bxc4 a6 10. a4 Nc6 11. Bg5 Be7 12. Qd2 Nb4 13. Rfd1 b6 14. d5 exd5 15.
Nxd5 Nbxd5 16. Bxd5 Qxd5 17. Qxd5 Nxd5 18. Rxd5 Be6 19. Rd3 Bc5 20. Be3 Rfc8
21. h3 h6 22. Bxc5 bxc5 23. Rc1 Rab8 24. Rdc3 Rxb2 25. Rxc5 Rxc5 26. Rxc5 Ra2
27. Ra5 Bc4 28. Nd4 Bb5 29. Nxb5 axb5 30. Rxb5 1/2-1/2

[Event "Elit(Team Viking-Limhamn)"]
[Site "?"]
[Date "2013.03.16"]
[Round "8"]
[White "Berg, Emanuel"]
[Black "Schneider, Stefan"]
[Result "1-0"]
[WhiteElo "2611"]
[BlackElo "2410"]
[PlyCount "67"]

1. e4 e6 2. d4 d5 3. Nc3 Nf6 4. Bg5 Bb4 5. e5 h6 6. Be3 Ne4 7. Qg4 g6 8. a3
Bxc3+ 9. bxc3 c5 10. Bd3 h5 11. Qf4 g5 12. Qf3 Nxc3 13. dxc5 d4 14. Bd2 Nc6 15.
Qf6 Qxf6 16. exf6 Na4 17. Bxg5 Nxc5 18. f4 Nxd3+ 19. cxd3 b6 20. Nf3 Bb7 21.
Rc1 Rd8 22. Ke2 Rd5 23. Rc2 Kd7 24. Rhc1 Rc8 25. g3 Ra5 26. Bh6 e5 27. fxe5
Nxe5 28. Rxc8 Bxc8 29. Bf4 Nc6 30. Ng5 Bb7 31. Nxf7 Ke6 32. Nd6 Ba8 33. f7 Ke7
34. Bh6 1-0

[Event "Elit(Team Viking-Limhamn)"]
[Site "?"]
[Date "2013.03.16"]
[Round "8"]
[White "Penalver, Osmani"]
[Black "Lindberg, Bo"]
[Result "0-1"]
[WhiteElo "2324"]
[BlackElo "2466"]
[PlyCount "108"]

1. d4 Nf6 2. c4 g6 3. Nc3 d5 4. Nf3 Bg7 5. Bg5 Ne4 6. cxd5 Nxg5 7. Nxg5 O-O 8.
Nf3 c6 9. dxc6 Nxc6 10. e3 e5 11. d5 e4 12. dxc6 exf3 13. Qxd8 Rxd8 14. gxf3
bxc6 15. Rd1 Be6 16. Bd3 Rab8 17. Be4 Rxd1+ 18. Nxd1 Bxa2 19. Bxc6 Rc8 20. Ba4
Rc4 21. b3 Rb4 22. Rg1 f5 23. e4 fxe4 24. fxe4 Bxb3 25. Bxb3+ Rxb3 26. Rg3 Rb4
27. Re3 a5 28. e5 Rb5 29. f4 Rb4 30. e6 Kf8 31. e7+ Ke8 32. Re6 Rxf4 33. Ne3
Rd4 34. Kf2 a4 35. Kf3 Bh6 36. Ng4 Bg5 37. h3 a3 38. Ra6 Bxe7 39. Ne5 Rd6 40.
Ra8+ Rd8 41. Ra7 Bf6 42. Ke4 Rd6 43. Rxa3 Re6 44. Ra5 Rxe5+ 45. Rxe5+ Bxe5 46.
Kxe5 Ke7 47. Kf4 Kf6 48. Kg4 h5+ 49. Kf4 g5+ 50. Kg3 Ke5 51. Kf3 Kd4 52. Kf2
Ke4 53. Kg2 Kf4 54. Kf2 h4 0-1

[Event "Elit(Team Viking-Limhamn)"]
[Site "?"]
[Date "2013.03.16"]
[Round "8"]
[White "Westerberg, Jonathan"]
[Black "Helgason, Reynir"]
[Result "1/2-1/2"]
[WhiteElo "2424"]
[BlackElo "2395"]
[PlyCount "86"]

1. e4 c6 2. d4 d5 3. Nd2 dxe4 4. Nxe4 Bf5 5. Ng3 Bg6 6. h4 h6 7. Nf3 Nd7 8. h5
Bh7 9. Bd3 Bxd3 10. Qxd3 e6 11. Bf4 Qa5+ 12. Bd2 Bb4 13. c3 Be7 14. c4 Qc7 15.
O-O-O Ngf6 16. Ne4 Nxe4 17. Qxe4 Nf6 18. Qe2 O-O-O 19. Kb1 Rhe8 20. g3 Bf8 21.
Bf4 Bd6 22. Ne5 Qe7 23. Rd3 Bc7 24. Rhd1 Nd7 25. Nxd7 Bxf4 26. Ne5 Bxe5 27.
Qxe5 Qg5 28. f4 Qxe5 29. dxe5 Rxd3 30. Rxd3 Rd8 31. Kc2 Rxd3 32. Kxd3 g6 33. g4
gxh5 34. gxh5 c5 35. Kc3 Kc7 36. Kb3 b6 37. Ka4 a6 38. Kb3 Kc6 39. Ka4 Kb7 40.
Ka3 Kc6 41. Kb3 Kb7 42. Kc3 Kc6 43. a4 a5 1/2-1/2

[Event "Elit(Team Viking-LASK)"]
[Site "?"]
[Date "2013.03.17"]
[Round "9"]
[White "Kulaots, Kaido"]
[Black "Shimanov, Alexandr"]
[Result "1/2-1/2"]
[WhiteElo "2673"]
[BlackElo "2678"]
[PlyCount "26"]

1. e4 c6 2. Nc3 d5 3. Nf3 Bg4 4. d4 dxe4 5. Nxe4 Nd7 6. h3 Bxf3 7. Qxf3 Ngf6 8.
Bf4 Nxe4 9. Qxe4 Nf6 10. Qe5 e6 11. O-O-O Be7 12. h4 Qd5 13. Qxd5 cxd5 1/2-1/2

[Event "Elit(Team Viking-LASK)"]
[Site "?"]
[Date "2013.03.17"]
[Round "9"]
[White "Agrest, Evgenij"]
[Black "Hillarp Persson, Tiger"]
[Result "0-1"]
[WhiteElo "2690"]
[BlackElo "2575"]
[PlyCount "100"]

1. c4 Nf6 2. Nc3 g6 3. d4 Bg7 4. Bg5 O-O 5. Nf3 c5 6. d5 h6 7. Bh4 d6 8. e3 g5
9. Bg3 Nh5 10. Nd2 Nxg3 11. hxg3 Nd7 12. Qc2 Nf6 13. Be2 e6 14. dxe6 Bxe6 15.
Rd1 Qb6 16. Bf3 Rad8 17. O-O a6 18. b3 g4 19. Be2 Qc7 20. e4 Qe7 21. Bd3 Nh5
22. Ndb1 Be5 23. Ne2 Qg5 24. Qd2 Kh8 25. Nbc3 Rg8 26. Bb1 Rb8 27. Bd3 Rg7 28.
Rfe1 Rg6 29. Nd5 Bxd5 30. exd5 f5 31. Qxg5 Rxg5 32. Rb1 a5 33. Bc2 Rf8 34. a3
f4 35. gxf4 Nxf4 36. Nxf4 Rxf4 37. g3 Rf8 38. Re2 Bd4 39. Kg2 Re5 40. Rbe1
Rxf2+ 41. Rxf2 Rxe1 42. Rd2 Be3 43. Rd3 Kg7 44. b4 cxb4 45. axb4 axb4 46. Ba4
Kf6 47. Bd7 h5 48. Be8 Kg5 49. Bd7 h4 50. gxh4+ Kxh4 0-1

[Event "Elit(Team Viking-LASK)"]
[Site "?"]
[Date "2013.03.17"]
[Round "9"]
[White "Ivanov, Sergey"]
[Black "Tikkanen, Hans"]
[Result "1-0"]
[WhiteElo "2612"]
[BlackElo "2642"]
[PlyCount "113"]

1. d4 d5 2. c4 c6 3. cxd5 cxd5 4. Bf4 Nf6 5. Nc3 Nc6 6. e3 a6 7. Bd3 Bg4 8.
Nge2 e6 9. O-O Bd6 10. Bxd6 Qxd6 11. Rc1 Bh5 12. Na4 Nd7 13. Qb3 Rb8 14. Nc5
Nxc5 15. Rxc5 Bg6 16. Rfc1 Bxd3 17. Qxd3 O-O 18. Nf4 Rfc8 19. Qc3 Qd8 20. Nd3
Na7 21. a4 Rxc5 22. Qxc5 Nc8 23. Qc7 Nd6 24. Kf1 Nc4 25. Qxd8+ Rxd8 26. Ke2 Rc8
27. f3 a5 28. e4 Nd6 29. Rxc8+ Nxc8 30. b4 b6 31. b5 Kf8 32. Nf4 Ne7 33. Ke3 g6
34. g4 Kg7 35. h4 h6 36. g5 hxg5 37. hxg5 Kf8 38. Nd3 dxe4 39. fxe4 Nc8 40. Ne5
Ke7 41. Nc4 Kd7 42. d5 Ke7 43. Kf4 Nd6 44. Nxb6 exd5 45. exd5 f6 46. gxf6+ Kxf6
47. Nd7+ Ke7 48. Ne5 Kf6 49. Ng4+ Ke7 50. b6 g5+ 51. Kxg5 Nb7 52. Ne3 Kd6 53.
Kf6 Nc5 54. Kf7 Nd7 55. b7 Ne5+ 56. Ke8 Kc7 57. d6+ 1-0

[Event "Elit(Team Viking-LASK)"]
[Site "?"]
[Date "2013.03.17"]
[Round "9"]
[White "Smith, Axel"]
[Black "Berg, Emanuel"]
[Result "0-1"]
[WhiteElo "2575"]
[BlackElo "2611"]
[PlyCount "78"]
[SourceDate "2013.04.03"]

1. Nf3 d6 2. d4 Bg4 3. e4 Nf6 4. Nc3 e6 5. h3 Bh5 6. Qe2 c6 7. g4 Bg6 8. h4 h5
9. g5 Nfd7 10. Bf4 Be7 11. O-O-O O-O 12. Qe3 b5 13. Bh2 Nb6 14. Nd2 d5 15. f3
N8d7 16. Ne2 c5 17. dxc5 Bxc5 18. Qb3 e5 19. exd5 b4 20. Ng3 a5 21. Nge4 a4 22.
Qd3 b3 23. axb3 a3 24. bxa3 Bxa3+ 25. Kb1 Nc5 26. Qe2 Nxd5 27. Bxe5 Re8 28. Bd4
Bb4 29. Qc4 Qa5 30. Bb2 Qa2+ 31. Kc1 Ba3 32. Qd4 Ne6 33. Qe5 Ne3 34. Re1 Ra5
35. Nc5 Rxc5 36. Rxe3 Qa1+ 37. Nb1 Rxc2+ 38. Kd1 Qxb1+ 39. Bc1 Qxc1# 0-1

[Event "Elit(Team Viking-LASK)"]
[Site "?"]
[Date "2013.03.17"]
[Round "9"]
[White "Carlsson, Pontus"]
[Black "Semcesen, Daniel"]
[Result "*"]
[WhiteElo "2634"]
[BlackElo "2539"]
[PlyCount "24"]

1. e4 e5 2. Nf3 Nf6 3. d4 Nxe4 4. Bd3 Nc6 5. Nxe5 Nxe5 6. Bxe4 d5 7. dxe5 dxe4
8. Qxd8+ Kxd8 9. Nc3 Bb4 10. Bd2 Bxc3 11. Bxc3 Bf5 12. O-O-O+ Ke7 *

[Event "Elit(Team Viking-LASK)"]
[Site "?"]
[Date "2013.03.17"]
[Round "9"]
[White "Lindberg, Bo"]
[Black "Skytte Hagen, Andreas"]
[Result "1-0"]
[WhiteElo "2466"]
[BlackElo "2469"]
[PlyCount "99"]

1. d4 d5 2. c4 e6 3. Nc3 Be7 4. cxd5 exd5 5. Bf4 c6 6. Qc2 Nf6 7. e3 Nh5 8. Be5
Nd7 9. Be2 Nhf6 10. Bf4 O-O 11. h3 Qa5 12. Nf3 Ne4 13. O-O Ndf6 14. Bd3 Nxc3
15. bxc3 c5 16. dxc5 Qxc5 17. Nd4 Bd7 18. Rab1 b6 19. Rfc1 h6 20. Qe2 Bd6 21.
Qf3 Bxf4 22. Qxf4 Rac8 23. Bf5 Qc7 24. Qxc7 Rxc7 25. Bxd7 Nxd7 26. Nb5 Rc5 27.
a4 a6 28. Nd6 Rc6 29. Nf5 Re8 30. Rd1 Nf6 31. Rb4 Kf8 32. Rdb1 Nd7 33. R1b3 h5
34. Nd4 Rc5 35. Kf1 Rec8 36. Ne2 g6 37. Rd4 R8c6 38. Ke1 Ra5 39. Rbb4 Nf6 40.
f3 Rac5 41. g4 hxg4 42. hxg4 Nd7 43. Kf2 Ne5 44. Rb1 Rf6 45. Nf4 Nxg4+ 46. Ke2
Ne5 47. Rxd5 g5 48. Rxc5 bxc5 49. Rb8+ Ke7 50. Nd5+ 1-0

[Event "Elit(Limhamn-Rockaden,Umea)"]
[Site "?"]
[Date "2013.03.17"]
[Round "9"]
[White "Brynell, Stellan"]
[Black "Wickstrom, Lucas"]
[Result "1/2-1/2"]
[WhiteElo "2542"]
[BlackElo "2392"]
[PlyCount "112"]

1. d4 Nf6 2. Nf3 e6 3. c4 c5 4. d5 exd5 5. cxd5 d6 6. Nc3 g6 7. e4 Bg7 8. Be2
O-O 9. Nd2 Re8 10. O-O Nbd7 11. h3 h6 12. Qc2 g5 13. a4 Ne5 14. Ra3 Ng6 15. Nc4
a6 16. a5 Qe7 17. Re1 Nd7 18. Bg4 Nde5 19. Nxe5 Bxe5 20. Bxc8 Raxc8 21. Nd1 Bd4
22. Bd2 Qe5 23. Bc3 Nf4 24. Rb3 Rc7 25. Bxd4 Qxd4 26. Rbe3 Qb4 27. Nc3 Rce7 28.
Ra1 Qd4 29. Rd1 Qb4 30. Ra1 Qd4 31. Ra4 Qg7 32. Ne2 Nxe2+ 33. Qxe2 f5 34. exf5
Rxe3 35. fxe3 Qe5 36. e4 Qxf5 37. Qf2 Qe5 38. Rc4 Rf8 39. Qe2 b5 40. axb6 Rb8
41. Qg4 Qe7 42. Rc2 Rxb6 43. Re2 Kg7 44. Qc8 a5 45. Qa8 Rb7 46. e5 dxe5 47. d6
Qf7 48. Rxe5 Kg6 49. Qc8 Rxb2 50. Re6+ Kh5 51. Rxh6+ Kxh6 52. Qh8+ Kg6 53. Qxb2
Qd5 54. Qb6 Qd4+ 55. Kh1 Qa1+ 56. Kh2 Qe5+ 1/2-1/2

[Event "Elit(Limhamn-Rockaden,Umea)"]
[Site "?"]
[Date "2013.03.17"]
[Round "9"]
[White "Malmstig, Erik"]
[Black "Ahlander, Bjorn"]
[Result "0-1"]
[WhiteElo "2380"]
[BlackElo "2518"]
[PlyCount "154"]

1. d4 d5 2. Nf3 Nf6 3. c4 e6 4. Nc3 Be7 5. e3 O-O 6. Be2 dxc4 7. Bxc4 a6 8. O-O
b5 9. Bd3 Bb7 10. a3 c5 11. dxc5 Bxc5 12. b4 Be7 13. Bb2 Nbd7 14. e4 Rc8 15.
Qe2 Ng4 16. Rfd1 Bf6 17. Rac1 Qe7 18. Bb1 g6 19. Nd2 h5 20. h3 Nge5 21. f4 Nc4
22. Nxc4 Rxc4 23. e5 Bg7 24. Ne4 Rxc1 25. Bxc1 Nb6 26. Be3 Na4 27. Bc5 Nxc5 28.
Nxc5 Bd5 29. Be4 Bc4 30. Qf3 Rd8 31. g4 hxg4 32. hxg4 Rxd1+ 33. Qxd1 f5 34. Bf3
Qh4 35. Kg2 fxg4 36. Bxg4 Bd5+ 37. Kf1 Qg3 38. Qe2 Bc4 39. Bxe6+ Bxe6 40. Nxe6
Qh3+ 41. Qg2 Qxe6 42. Qa8+ Bf8 43. Kf2 Kg7 44. Kg3 Be7 45. Qb7 Kf7 46. Qf3 Qc4
47. Qb7 Qd3+ 48. Kg4 Qe2+ 49. Kg3 Qe3+ 50. Kg4 Qg1+ 51. Kh3 Qf1+ 52. Kg3 Qe1+
53. Kg2 Qd2+ 54. Kg3 Qd3+ 55. Kg2 Qxa3 56. e6+ Kf6 57. Qd5 Qb2+ 58. Kg3 Kg7 59.
Kg4 Qf6 60. Qd7 Kh6 61. Qc8 Qf5+ 62. Kf3 Qd3+ 63. Kg4 Kg7 64. Qxa6 Kf6 65. Qc8
Qe2+ 66. Kg3 Qe3+ 67. Kg2 Qxe6 68. Qh8+ Kf7 69. Qh7+ Ke8 70. Qh8+ Bf8 71. Qd4
Bd6 72. Qh8+ Kd7 73. Qg7+ Kc6 74. Kg3 Qe3+ 75. Kg2 Qe4+ 76. Kg1 Bxb4 77. Qf6+
Bd6 0-1

[Event "Elit(Limhamn-Rockaden,Umea)"]
[Site "?"]
[Date "2013.03.17"]
[Round "9"]
[White "Helgason, Reynir"]
[Black "Eriksson, Jorgen"]
[Result "1/2-1/2"]
[WhiteElo "2395"]
[BlackElo "2263"]
[PlyCount "96"]

1. d4 Nf6 2. c4 g6 3. Nc3 Bg7 4. e4 d6 5. h3 O-O 6. Nf3 e5 7. d5 Na6 8. Be3 Qe7
9. g4 Nc5 10. Nd2 a5 11. Be2 Bd7 12. h4 c6 13. g5 Ne8 14. h5 Nc7 15. Nb3 b6 16.
Nxc5 bxc5 17. Bg4 cxd5 18. Bxd7 d4 19. Bc6 Rab8 20. Bc1 dxc3 21. bxc3 Ne6 22.
Qg4 Nf4 23. hxg6 hxg6 24. Kf1 Qe6 25. Qxe6 fxe6 26. Bd7 Kf7 27. Bb5 Rh8 28. Rg1
Rh3 29. Be3 Bf8 30. Ke1 Ng2+ 31. Ke2 Nxe3 32. fxe3 Rh2+ 33. Kd3 Be7 34. Raf1+
Kg7 35. Rf3 Rhh8 36. Bd7 Rhf8 37. Rxf8 Rxf8 38. Bxe6 Rf2 39. a4 Bd8 40. Bd5 Be7
41. Be6 Rh2 42. Bc8 Ra2 43. Bd7 Bd8 44. Be8 Rf2 45. Rg3 Rh2 46. Bd7 Rh5 47. Bg4
Rh1 48. Bd7 Rh2 1/2-1/2

[Event "Elit(Limhamn-Rockaden,Umea)"]
[Site "?"]
[Date "2013.03.17"]
[Round "9"]
[White "Lindgren, Fredrik"]
[Black "Schneider, Stefan"]
[Result "1/2-1/2"]
[WhiteElo "2239"]
[BlackElo "2410"]
[PlyCount "87"]

1. d4 e6 2. Nf3 Nf6 3. c4 Bb4+ 4. Nbd2 O-O 5. a3 Be7 6. g3 d5 7. Bg2 b6 8. O-O
Bb7 9. b3 Nbd7 10. Bb2 dxc4 11. Nxc4 c5 12. dxc5 Nxc5 13. b4 Qxd1 14. Rfxd1 Na4
15. Be5 Rfd8 16. e3 Bd5 17. Rac1 Rac8 18. Ncd2 a5 19. bxa5 bxa5 20. Nd4 Bxa3
21. Rxc8 Rxc8 22. Bxf6 Bxg2 23. Kxg2 gxf6 24. Ra1 Bb4 25. Rxa4 Bxd2 26. Nb3 Be1
27. Kf1 Bc3 28. Nxa5 Ra8 29. Rg4+ Kf8 30. Nb3 Rb8 31. Nd4 Rb1+ 32. Kg2 f5 33.
Rh4 Kg7 34. Ne2 Bf6 35. Rc4 Be5 36. Ra4 Rb2 37. Nf4 Bxf4 38. Rxf4 Ra2 39. Kf3
Ra3 40. Rb4 Ra2 41. h3 Rc2 42. g4 fxg4+ 43. hxg4 Rc5 44. Kf4 1/2-1/2

[Event "Elit(Limhamn-Rockaden,Umea)"]
[Site "?"]
[Date "2013.03.17"]
[Round "9"]
[White "Johansson, Linus"]
[Black "Nygren, David"]
[Result "0-1"]
[WhiteElo "2385"]
[BlackElo "2229"]
[PlyCount "106"]

1. d4 d5 2. c4 e6 3. Nc3 c6 4. Nf3 f5 5. Bf4 Nf6 6. e3 Be7 7. Bd3 O-O 8. O-O b6
9. a3 Ne4 10. Rc1 Bb7 11. Bb1 Nd7 12. cxd5 exd5 13. Ne5 Nxe5 14. Bxe5 Bd6 15.
f4 Qe7 16. Kh1 Rae8 17. Nxe4 fxe4 18. Qa4 Bxe5 19. dxe5 Qc7 20. b4 Qb8 21. Rfd1
Re6 22. Bxe4 Rh6 23. Bf3 Qd8 24. g3 Qd7 25. Qc2 g5 26. Qe2 gxf4 27. gxf4 Kh8
28. Rd2 Rg8 29. e4 d4 30. Qf2 c5 31. bxc5 bxc5 32. Rxc5 d3 33. Rc3 Qa4 34.
Rcxd3 Bxe4 35. Rd4 Bxf3+ 36. Qxf3 Rhg6 37. h3 Qb5 38. Kh2 Qc5 39. f5 Rg5 40.
Qf4 Qc1 41. Qf2 Rxf5 42. Qg2 Rxg2+ 43. Rxg2 Qc7 44. Rdg4 Qxe5+ 45. Kg1 Rf8 46.
a4 Rd8 47. Kh1 Rd1+ 48. Rg1 h5 49. Rg8+ Kh7 50. R8g7+ Qxg7 51. Rxd1 Qg3 52.
Rd7+ Kg6 53. Rd8 Qxh3+ 0-1

[Event "Elit(Limhamn-Rockaden,Umea)"]
[Site "?"]
[Date "2013.03.17"]
[Round "9"]
[White "Mardell, Jimmy"]
[Black "Penalver, Osmani"]
[Result "0-1"]
[WhiteElo "2187"]
[BlackElo "2324"]
[PlyCount "74"]

1. e4 c5 2. Nf3 d6 3. d4 cxd4 4. Nxd4 Nf6 5. Nc3 a6 6. Bg5 e6 7. f4 h6 8. Bh4
Qb6 9. Qd2 Qxb2 10. Nb3 Qa3 11. Be2 Qb4 12. Bxf6 gxf6 13. O-O Nd7 14. Kh1 h5
15. Qe3 Qb6 16. Qh3 h4 17. Rad1 Nc5 18. f5 Bd7 19. Rf4 Rc8 20. Rxh4 Rxh4 21.
Qxh4 Nxb3 22. axb3 Qe3 23. Qh7 Rxc3 24. Bh5 Qh6 25. Qxf7+ Kd8 26. fxe6 Bxe6 27.
Qxe6 Qxh5 28. Qxf6+ Kd7 29. Re1 Re3 30. Rf1 Be7 31. Qf2 Rxe4 32. Qb6 Qd5 33. c4
Qc6 34. Qf2 Qc5 35. Qf3 Qe3 36. Qf5+ Kc7 37. c5 dxc5 0-1

[Event "Elit(Rockaden,Sthlm-Vasteras)"]
[Site "?"]
[Date "2013.03.17"]
[Round "9"]
[White "Sjodahl, Pontus"]
[Black "Wiedenkeller, Michael"]
[Result "1/2-1/2"]
[WhiteElo "2474"]
[BlackElo "2530"]
[PlyCount "52"]

1. d4 Nf6 2. c4 e6 3. Nc3 Bb4 4. e3 O-O 5. Nge2 d5 6. a3 Be7 7. cxd5 Nxd5 8.
Bd2 Nd7 9. g3 N5f6 10. Bg2 e5 11. O-O exd4 12. Nxd4 c5 13. Nf5 Ne5 14. Nxe7+
Qxe7 15. e4 Rd8 16. Nd5 Nxd5 17. exd5 Bg4 18. Qb3 Qd7 19. Qc3 f6 20. Bf4 Ng6
21. Be3 Bh3 22. Rad1 Nh4 23. Bxh3 Qxh3 24. gxh4 Qg4+ 25. Kh1 Qf3+ 26. Kg1 Qg4+
1/2-1/2

[Event "Elit(Rockaden,Sthlm-Vasteras)"]
[Site "?"]
[Date "2013.03.17"]
[Round "9"]
[White "Barkhagen, Jonas"]
[Black "Akesson, Ralf"]
[Result "1/2-1/2"]
[WhiteElo "2501"]
[BlackElo "2490"]
[PlyCount "88"]

1. d4 Nf6 2. c4 g6 3. Nc3 d5 4. Bg5 Ne4 5. Bf4 Nxc3 6. bxc3 c5 7. e3 Bg7 8. Nf3
O-O 9. cxd5 cxd4 10. cxd4 Qxd5 11. Be2 Nc6 12. O-O Bf5 13. Qa4 Qa5 14. Qb3 Qb4
15. Rfc1 Qxb3 16. axb3 Rac8 17. Bc4 a6 18. Bd5 Bd7 19. Ne1 Rfd8 20. Nd3 b6 21.
Bxc6 Bxc6 22. Nb4 Bb7 23. Bc7 Rd7 24. Bxb6 Rxc1+ 25. Rxc1 e5 26. Nc6 exd4 27.
Nxd4 f5 28. g3 Bxd4 29. exd4 Re7 30. Kf1 Kf7 31. Rc3 Re6 32. Bc5 g5 33. f3 g4
34. fxg4 fxg4 35. Kf2 Kg6 36. b4 Bf3 37. Rc2 Bd5 38. Ba7 Rc6 39. Rb2 Rc1 40. b5
axb5 41. Rxb5 Rf1+ 42. Ke3 Rf3+ 43. Kd2 Rf2+ 44. Ke1 Rf1+ 1/2-1/2

[Event "Elit(Rockaden,Sthlm-Vasteras)"]
[Site "?"]
[Date "2013.03.17"]
[Round "9"]
[White "Norberg, Johan"]
[Black "Blomqvist, Erik"]
[Result "1/2-1/2"]
[WhiteElo "2336"]
[BlackElo "2564"]
[PlyCount "100"]

1. g3 d5 2. Bg2 Nf6 3. Nf3 e6 4. O-O Be7 5. d3 c5 6. Nbd2 Nc6 7. e4 b6 8. Re1
Bb7 9. c3 Qc7 10. Nf1 dxe4 11. dxe4 Rd8 12. Qa4 Qd7 13. Bf4 O-O 14. Rad1 Nd4
15. Qxd7 Nxf3+ 16. Bxf3 Rxd7 17. Rxd7 Nxd7 18. Nd2 g5 19. Be3 Ne5 20. Be2 Rd8
21. f3 Nd3 22. Bxd3 Rxd3 23. Kf2 f5 24. Ke2 Rd7 25. e5 Rd5 26. f4 g4 27. Nc4
Rd7 28. b3 Kf7 29. Kf2 Rd8 30. Re2 Rd1 31. Re1 Rd3 32. Rc1 Bf3 33. h4 Ke8 34.
Nb2 Rd8 35. Rc2 Be4 36. Rd2 Rd5 37. Ke2 Bb1 38. a3 Ba2 39. b4 cxb4 40. cxb4 Kd7
41. Rc2 Bb1 42. Rc3 Be4 43. Kf2 h5 44. Ke2 Rb5 45. Nc4 Bc6 46. Bd4 Kc7 47. Ke3
Rd5 48. Nd6 Kd7 49. Nc8 Kxc8 50. Rxc6+ Kd7 1/2-1/2

[Event "Elit(Rockaden,Sthlm-Vasteras)"]
[Site "?"]
[Date "2013.03.17"]
[Round "9"]
[White "Janse, Rasmus"]
[Black "Karlsson, Lars"]
[Result "1-0"]
[WhiteElo "2284"]
[BlackElo "2459"]
[PlyCount "107"]

1. g4 g6 2. Bg2 Bg7 3. d4 d6 4. c3 Nc6 5. h3 e5 6. d5 Nce7 7. e4 f5 8. gxf5
gxf5 9. Bg5 f4 10. Bf3 Bf6 11. Bxf6 Nxf6 12. Bh5+ Kf8 13. Nd2 Rg8 14. Bf3 Ng6
15. Qb3 a5 16. c4 Nh4 17. O-O-O Bd7 18. c5 Qb8 19. Nc4 Qa7 20. Qa3 Bb5 21. cxd6
Bxc4 22. dxc7+ Kf7 23. Qd6 Rge8 24. Rd2 Qa6 25. Qxa6 Rxa6 26. Rc2 Bd3 27. c8=Q
Rxc8 28. Rxc8 Nxe4 29. Rh2 Nd6 30. Rc7+ Kf6 31. Be2 e4 32. Rxh7 Ndf5 33. Bxd3
exd3 34. Kd2 Rb6 35. b3 a4 36. bxa4 Ke5 37. Kxd3 Rb2 38. a3 f3 39. d6 Rb1 40.
Kc2 Rb6 41. d7 Rc6+ 42. Kb2 Rd6 43. Nxf3+ Nxf3 44. Rg2 N5d4 45. Rg6 Rxg6 46.
d8=Q Ke4 47. Re7+ Ne5 48. Qc7 Rg5 49. Qxb7+ Kd3 50. Qa6+ Nc4+ 51. Ka2 Rc5 52.
Re3+ Kd2 53. Qa7 Rd5 54. Qb7 1-0

[Event "Elit(Rockaden,Sthlm-Vasteras)"]
[Site "?"]
[Date "2013.03.17"]
[Round "9"]
[White "Lokander, Martin"]
[Black "Nilsson, Andre"]
[Result "1-0"]
[WhiteElo "2281"]
[BlackElo "2300"]
[PlyCount "57"]

1. d4 g6 2. e4 d6 3. c4 Bg7 4. Nc3 Nf6 5. Bd3 O-O 6. Nge2 c6 7. O-O a6 8. f4 b5
9. e5 Nfd7 10. Be3 Nb6 11. c5 dxc5 12. dxc5 Nd5 13. Nxd5 cxd5 14. a4 b4 15. Nd4
Bd7 16. Qb3 Nc6 17. Qxd5 Nxd4 18. Bxd4 Bc6 19. Qc4 Qd7 20. Be3 Bd5 21. Qc2 Qc6
22. Bc4 Be4 23. Qe2 Rfc8 24. Rfd1 Bf8 25. b3 e6 26. Rac1 Bxc5 27. a5 Bxe3+ 28.
Qxe3 Qc5 29. Rd8+ 1-0

[Event "Elit(Rockaden,Sthlm-Vasteras)"]
[Site "?"]
[Date "2013.03.17"]
[Round "9"]
[White "Norberg, Erik"]
[Black "Hedman, Erik"]
[Result "0-1"]
[WhiteElo "2231"]
[BlackElo "2425"]
[PlyCount "80"]
[SourceDate "2013.04.05"]

1. c4 c5 2. g3 Nc6 3. Bg2 g6 4. Nc3 Bg7 5. e4 d6 6. Nge2 h5 7. h4 Nf6 8. d3 O-O
9. Bf4 a6 10. Qd2 Kh7 11. Nd5 Nxd5 12. cxd5 Nd4 13. Nxd4 Bxd4 14. f3 e6 15. g4
exd5 16. gxh5 gxh5 17. O-O-O Rg8 18. Bh3 Bxh3 19. Rxh3 Qf6 20. Kb1 Bxb2 21.
Bxd6 Bd4 22. Qf4 Qxf4 23. Bxf4 dxe4 24. fxe4 Rg2 25. Rh2 Rxh2 26. Bxh2 Rg8 27.
Rf1 Rg2 28. Bd6 Rf2 29. Rxf2 Bxf2 30. Be7 Kg6 31. Kc2 f6 32. Kd1 Kf7 33. Bd6
Ke6 34. Bf8 b6 35. a4 Bxh4 36. a5 bxa5 37. Bxc5 f5 38. exf5+ Kxf5 39. Bb6 a4
40. Kc2 Be1 0-1

[Event "Elit(Manhem-Burgsvik)"]
[Site "?"]
[Date "2013.03.17"]
[Round "9"]
[White "Fries Nielsen, Jens Ove"]
[Black "Nithander, Victor"]
[Result "0-1"]
[WhiteElo "2454"]
[BlackElo "2532"]
[PlyCount "126"]

1. e3 c5 2. Nf3 Nf6 3. b3 g6 4. Bb2 Bg7 5. g4 h6 6. c4 Nc6 7. d3 d5 8. cxd5
Qxd5 9. Nc3 Qd7 10. h3 b6 11. a3 Bb7 12. Be2 Rc8 13. Ne4 O-O 14. Ng3 Rfd8 15.
Qc2 Na5 16. e4 Nc6 17. O-O Ne8 18. Bxg7 Nxg7 19. Qd2 Kh7 20. Qf4 f6 21. Qd2 Ne6
22. Ne1 Ned4 23. Bd1 e5 24. b4 Ne7 25. f4 exf4 26. Qxf4 Rf8 27. bxc5 Rxc5 28.
Ra2 Nec6 29. Raf2 Ne5 30. h4 Ne6 31. Qd2 Qd4 32. Kh2 Rb5 33. Qa2 Bc8 34. Nc2
Qxd3 35. Nb4 Qd4 36. Nd5 f5 37. a4 Rc5 38. Rd2 Qc4 39. Bb3 Nxg4+ 40. Kg1 Qa6
41. exf5 gxf5 42. Ne7 Re5 43. Ngxf5 Qa5 44. Rc2 Re1 45. Rc1 Rxf1+ 46. Rxf1 Qc5+
47. Kh1 Bb7+ 48. Bd5 Rxf5 49. Rxf5 Qxe7 50. Bxb7 Qxb7+ 51. Qd5 Qxd5+ 52. Rxd5
Nc5 53. a5 Nf6 54. Re5 Nfd7 55. axb6 axb6 56. Rd5 Kg6 57. Kg2 h5 58. Kf3 b5 59.
Rg5+ Kh6 60. Ke3 b4 61. Rd5 b3 62. Kd2 Nf6 63. Re5 Nfe4+ 0-1

[Event "Elit(Manhem-Burgsvik)"]
[Site "?"]
[Date "2013.03.17"]
[Round "9"]
[White "Vas, Peter"]
[Black "Fries Nielsen, Niels J"]
[Result "0-1"]
[WhiteElo "2403"]
[BlackElo "2398"]
[PlyCount "148"]

1. e4 d6 2. d4 Nf6 3. f3 Nbd7 4. Be3 e5 5. Nc3 c6 6. Qd2 Be7 7. a4 O-O 8. Nge2
d5 9. exd5 cxd5 10. Ng3 Bb4 11. Be2 Re8 12. O-O b6 13. Rad1 Bb7 14. dxe5 Nxe5
15. Bd4 Rc8 16. Bb5 Re6 17. Rfe1 Nc6 18. Bxc6 Bxc6 19. Nf5 h6 20. Qf4 Bc5 21.
Kh1 Bxd4 22. Nxd4 Rxe1+ 23. Rxe1 Qc7 24. Qxc7 Rxc7 25. Ncb5 Bxb5 26. axb5 Rc4
27. c3 Ra4 28. Kg1 Kf8 29. Nc6 a6 30. bxa6 Rxa6 31. Nb4 Ra5 32. Kf2 Ne8 33. Re5
Nc7 34. Ke1 f6 35. Re2 Kf7 36. Nc6 Ra1+ 37. Kf2 Ne6 38. Rd2 Rb1 39. Nb4 Nc7 40.
Re2 Rd1 41. Ke3 Ne6 42. Rd2 Rxd2 43. Kxd2 Nc7 44. Ke3 Ke6 45. Nc6 g6 46. Nd4+
Kd6 47. h4 Ke7 48. g4 Ne8 49. Nb5 Ke6 50. b4 Ke7 51. Kd4 Ke6 52. f4 h5 53. f5+
gxf5 54. gxh5 f4 55. h6 Kf7 56. h7 Kg7 57. Kxd5 Nc7+ 58. Ke4 Nxb5 59. Kd3 f3
60. c4 Nd4 61. Ke3 Kxh7 62. c5 b5 63. Kf2 Kh6 64. Kg3 Kh5 65. Kh3 f5 66. Kg3
f4+ 67. Kh3 Nc6 68. Kh2 Kxh4 69. Kg1 Kg3 70. Kh1 Ne5 71. Kg1 f2+ 72. Kf1 Kf3
73. c6 Ng4 74. c7 Ne3# 0-1

[Event "Elit(Manhem-Burgsvik)"]
[Site "?"]
[Date "2013.03.17"]
[Round "9"]
[White "Andersson, Bjorn"]
[Black "Akesson, Joel"]
[Result "0-1"]
[WhiteElo "2295"]
[BlackElo "2348"]
[PlyCount "64"]

1. e4 e6 2. d4 d5 3. e5 c5 4. c3 Nc6 5. Nf3 Bd7 6. a3 f6 7. b4 fxe5 8. b5 Nxd4
9. cxd4 exd4 10. Be2 Bd6 11. O-O Nf6 12. Re1 O-O 13. Bg5 Qc7 14. Bh4 e5 15. Nc3
dxc3 16. Bxf6 Rxf6 17. Qxd5+ Be6 18. Qd3 Bf5 19. Qxc3 e4 20. Nh4 Bxh2+ 21. Kh1
Be5 22. Qb3+ Kh8 23. Rad1 Rh6 24. g3 g5 25. Qe3 Qg7 26. Rg1 Bd4 27. Qd2 gxh4
28. g4 Be6 29. g5 Rg6 30. Bh5 Bd5 31. Qf4 Rf8 32. Qxh4 e3+ 0-1

[Event "Elit(Manhem-Burgsvik)"]
[Site "?"]
[Date "2013.03.17"]
[Round "9"]
[White "Olausson, Claes-Goran"]
[Black "Andersson, Tommy"]
[Result "0-1"]
[WhiteElo "2347"]
[BlackElo "2385"]
[PlyCount "108"]

1. Nf3 c5 2. c4 Nc6 3. Nc3 g6 4. g3 Bg7 5. Bg2 e5 6. d3 d6 7. Nd2 Nge7 8. Nf1
O-O 9. Ne3 Rb8 10. O-O a6 11. a4 b6 12. Ned5 Nxd5 13. Bxd5 Nb4 14. Bg2 Be6 15.
f4 exf4 16. Bxf4 g5 17. Bd2 d5 18. cxd5 Nxd5 19. Nxd5 Bxd5 20. Rf5 Bxg2 21.
Kxg2 h6 22. Bc3 Qd7 23. g4 Rfe8 24. Qd2 Bxc3 25. bxc3 Re4 26. Raf1 Rbe8 27.
R1f2 Rxg4+ 28. Kh1 Re7 29. e4 c4 30. Qe2 Rh4 31. Qe3 Qxd3 32. Rxg5+ Kf8 33.
Qxd3 cxd3 34. Rd5 Rh3 35. Kg2 Re3 36. Rf6 R7xe4 37. Rxb6 Rxa4 38. Kf2 Rh3 39.
Kg2 Rah4 40. Rxa6 Rxh2+ 41. Kg3 R2h3+ 42. Kg2 Rh2+ 43. Kg3 R4h3+ 44. Kg4 h5+
45. Kg5 Kg7 46. Rd7 Rg2+ 47. Kf5 Rg4 48. Rad6 Rf3+ 49. Ke5 Rgg3 50. Rd4 Kg6 51.
Rd8 Re3+ 52. Kd5 h4 53. c4 h3 54. Rh8 Rg5+ 0-1